000 00479nam a2200205 4500
001 772432
005 20180307092813.0
008 700318s1970 nyua 001 0 eng
010 _a 72091645
020 _a0471036196
040 _aDLC
_cDLC
_dDLC
041 _aeng
080 _a530 ATK
082 0 0 _a530 ATK
100 1 _a43
101 _aFIZ
245 0 0 _aPhysics
_c[by] Kenneth R. Atkins.
906 _a7
_bcbc
_corignew
_du
_encip
_f19
_gy-gencatlg
942 _2ddc
_cBK
999 _c44349
_d44349